| 000 | 00951nam0a2200289 4500 | ||
|---|---|---|---|
| 001 | RU\NLR\bibl\20129 | ||
| 005 | 20260406152352.0 | ||
| 010 |
_a5-237-01352-Х _98000 |
||
| 021 |
_aRU _b92-2393 _9113 |
||
| 035 | _a(NLR Aleph) 000019619 | ||
| 090 |
_a88280 _c88280 |
||
| 100 | _a19990405d1998 |||y0rusy50 ca | ||
| 101 | 1 |
_arus _ceng |
|
| 102 | _aRU | ||
| 105 | _a||||||||||||| | ||
| 200 | 1 |
_aСнежный ангел _aРождественское обещание _eРоманы _fМэри Бэлоу _g[Пер. с англ. Г. Весниной и Т. Николаевой] |
|
| 210 |
_aМ. _cАСТ _d1998 |
||
| 215 |
_a478 с. _d21 |
||
| 225 | 1 | _aОчарование | |
| 686 | _aШ6(7К)167-440.4{Лх1960-18} | ||
| 700 | 1 |
_4070 _8rus _7ca _aБэлоу _bМ. _f1944- _gМэри _3RU\NLR\AUTH\775928 _9115885 |
|
| 801 | 0 |
_aRU _bNLR _c19990405 _gPSBO |
|
| 801 | 1 |
_aRU _bNLR _c19990405 |
|
| 852 |
_aNLR _j99-3/953 |
||
| 942 | _cBOOK | ||
| 980 | _aNB | ||